UM Logo

Food service management in the Philippines/ (Record no. 14445)

MARC details
000 -LEADER
fixed length control field 00596nam a22001697a 4500
008 - FIXED-LENGTH DATA ELEMENTS--GENERAL INFORMATION
fixed length control field 190920b ||||| |||| 00| 0 eng d
020 ## - INTERNATIONAL STANDARD BOOK NUMBER
International Standard Book Number 9789719804192
082 ## - DEWEY DECIMAL CLASSIFICATION NUMBER
Edition number 2016
Classification number DFil 647.95068
Item number P412
100 ## - MAIN ENTRY--PERSONAL NAME
Personal name Perdigon, Grace P.
9 (RLIN) 39866
245 ## - TITLE STATEMENT
Title Food service management in the Philippines/
Statement of responsibility, etc. Grace P. Perdigon
250 ## - EDITION STATEMENT
Edition statement 2nd ed.
260 ## - PUBLICATION, DISTRIBUTION, ETC. (IMPRINT)
Place of publication, distribution, etc. Quezon City:
Name of publisher, distributor, etc. C & E Publishing, Inc.,
Date of publication, distribution, etc. c2016.
300 ## - PHYSICAL DESCRIPTION
Extent xxvii, 211 pages:
Other physical details illustrations;
Dimensions 18 cm.
500 ## - GENERAL NOTE
General note Includes bibliographical references and index.
650 ## - SUBJECT ADDED ENTRY--TOPICAL TERM
Topical term or geographic name as entry element Food service management--Philippines.
9 (RLIN) 39867
942 ## - ADDED ENTRY ELEMENTS (KOHA)
Source of classification or shelving scheme Dewey Decimal Classification
Koha item type Filipiniana
Holdings
Withdrawn status Lost status Source of classification or shelving scheme Damaged status Not for loan Collection code Home library Current library Date acquired Source of acquisition Total Checkouts Full call number Barcode Date last seen Copy number Cost, replacement price Price effective from Koha item type Shelving location Date last checked out
    Dewey Decimal Classification     Filipiniana UM Digos College - LIC UM Digos College - LIC 08/08/2019 Purchase   DFil 647.95068 P412 2016 25597 05/15/2025 2 608.00 09/20/2019 Filipiniana    
    Dewey Decimal Classification     Filipiniana UM Digos College - LIC UM Digos College - LIC 08/08/2019 Purchase 1 DFil 647.95068 P412 2016 25591 05/15/2025 1 608.00 09/20/2019 Filipiniana Book Cart 11/05/2020